[Event "Sables d'Olonne op 6th"]
[Site "Sables d'Olonne"]
[Date "2019.07.14"]
[Round "2"]
[White "Picart, Laurent"]
[Black "Bujisho, Benjamin"]
[Result "0-1"]
[WhiteElo "2061"]
[BlackElo "2326"]
[PlyCount "86"]
[EventDate "2019.07.13"]
[EventType "swiss"]
[EventRounds "9"]
[EventCountry "FRA"]
[SourceTitle "EXT 2020"]
[Source "ChessBase"]
[SourceDate "2019.10.17"]
[SourceVersion "1"]
[SourceVersionDate "2019.10.17"]
[SourceQuality "1"]

1. d4 d6 2. e4 g6 3. c4 Bg7 4. Nc3 Nc6 5. Nge2 e5 6. Be3 exd4 7. Nxd4 Nge7 8. Be2 0-0 9. Qd2 f5 10. exf5 Nxf5 11. Nxf5 Bxf5 12. 0-0-0 a5 13. g4 Bxc3 14. Qd5+ Kg7 15. bxc3 Bd7 16. h4 Qf6 17. Qd2 Rae8 18. Bh6+ Kg8 19. Bxf8 Rxf8 20. Rh2 b6 21. h5 g5 22. h6 Be8 23. Bd3 Ne5 24. Bf5 Kh8 25. Qe2 Bg6 26. Bxg6 Qf4+ 27. Kc2 Qxh2 28. Bf5 Qxh6 29. Qe4 Qf6 30. Rh1 h6 31. f4 gxf4 32. Qxf4 Kg7 33. Rh5 Nf7 34. Qd4 Re8 35. Bd3 c5 36. Qd5 Re5 37. Qg2 Ng5 38. Qb7+ Re7 39. Qg2 Nf3 40. Kb2 Ne1 41. Qf1 Qf2+ 42. Kb3 a4+ 43. Ka3 Qd2 0-1

[Event "Andorra op 36th"]
[Site "Escaldes"]
[Date "2018.07.29"]
[Round "9"]
[White "Picart, Laurent"]
[Black "Martinez, Ayelen"]
[Result "0-1"]
[WhiteElo "2066"]
[BlackElo "2236"]
[PlyCount "46"]
[EventDate "2018.07.21"]
[EventType "swiss"]
[EventRounds "9"]
[EventCountry "AND"]
[SourceTitle "CBM 185 Extra"]
[Source "ChessBase"]
[SourceDate "2018.07.29"]
[SourceVersion "1"]
[SourceVersionDate "2018.07.29"]
[SourceQuality "1"]

1. d4 d5 2. c4 e6 3. Nc3 c6 4. Nf3 dxc4 5. e3 b5 6. a4 Bb4 7. Bd2 a5 8. axb5 Bxc3 9. Bxc3 cxb5 10. b3 Bb7 11. bxc4 b4 12. Bb2 Nf6 13. Bd3 0-0 14. 0-0 Nbd7 15. Re1 Qc7 16. e4 e5 17. Nxe5 Nxe5 18. dxe5 Nd7 19. e6 fxe6 20. e5 Nc5 21. Bb1 Rad8 22. Qg4 Qc6 23. Rxa5 Rd2 0-1

[Event "NATO-ch 27th"]
[Site "Shrivenham"]
[Date "2016.08.23"]
[Round "2"]
[White "Bublys, Vaidotas"]
[Black "Picart, Laurent"]
[Result "0-1"]
[WhiteElo "1895"]
[BlackElo "2084"]
[PlyCount "86"]
[EventDate "2016.08.22"]
[EventType "swiss"]
[EventRounds "7"]
[EventCountry "ENG"]
[SourceTitle "EXT 2018"]
[Source "ChessBase"]
[SourceDate "2017.10.13"]
[SourceVersion "1"]
[SourceVersionDate "2017.10.13"]
[SourceQuality "1"]

1. d4 Nf6 2. c4 e6 3. Nf3 Bb4+ 4. Bd2 a5 5. a3 Bxd2+ 6. Qxd2 d6 7. Nc3 0-0 8. e3 Nc6 9. Bd3 e5 10. d5 Ne7 11. h3 Nd7 12. e4 Nc5 13. Bc2 Ng6 14. 0-0 a4 15. Qe3 b6 16. Nd2 Nf4 17. Ne2 Nxe2+ 18. Qxe2 Qg5 19. Qe3 Qxe3 20. fxe3 Ba6 21. Rfc1 Rfb8 22. b4 axb3 23. Bxb3 Bc8 24. Bc2 Ra5 25. Ra2 Rba8 26. Rca1 Bd7 27. Nb3 Nxb3 28. Bxb3 h5 29. Kf2 h4 30. Bc2 Ba4 31. Kf3 Bxc2 32. Rxc2 Rxa3 33. Rxa3 Rxa3 34. Kf2 Kh7 35. Kf3 Kg6 36. Kf2 Kg5 37. Kf3 g6 38. Kf2 f5 39. exf5 gxf5 40. Ke2 e4 41. Rd2 Rc3 42. Rd4 Rc2+ 43. Kf1 Kf6 0-1

[Event "Andorra op 34th"]
[Site "Escaldes"]
[Date "2016.08.04"]
[Round "2"]
[White "Picart, Laurent"]
[Black "Eden, James"]
[Result "1/2-1/2"]
[WhiteElo "2084"]
[BlackElo "2320"]
[PlyCount "95"]
[EventDate "2016.08.03"]
[EventType "swiss"]
[EventRounds "9"]
[EventCountry "AND"]
[SourceTitle "CBM 173 Extra"]
[Source "ChessBase"]
[SourceDate "2016.08.29"]
[SourceVersion "1"]
[SourceVersionDate "2016.08.29"]
[SourceQuality "1"]

1. d4 d5 2. Nf3 Nf6 3. c4 c6 4. e3 Bf5 5. Nc3 a6 6. Qb3 Ra7 7. Bd2 e6 8. Nh4 Be4 9. cxd5 Bxd5 10. Nxd5 exd5 11. Bb4 Ne4 12. Nf3 Bxb4+ 13. Qxb4 Qd6 14. Qxd6 Nxd6 15. Bd3 f5 16. Ne5 Nd7 17. Ke2 g6 18. h4 Nxe5 19. dxe5 Nf7 20. h5 0-0 21. f4 Kg7 22. Rh3 Nh6 23. Rah1 Rh8 24. Rg3 Raa8 25. Rg5 Kf7 26. Kd2 Rad8 27. Be2 d4 28. g4 c5 29. a4 dxe3+ 30. Kxe3 Rd4 31. hxg6+ hxg6 32. gxf5 gxf5 33. Rgh5 Re4+ 34. Kf3 Kg7 35. Rg5+ Kf7 36. b3 Rb4 37. Bc4+ Kf8 38. Rxf5+ Nxf5 39. Rxh8+ Kg7 40. Rg8+ Kh7 41. Rg1 Nd4+ 42. Ke3 b5 43. axb5 axb5 44. Bd5 Nf5+ 45. Kf3 Nh4+ 46. Ke3 Nf5+ 47. Kf3 Nh4+ 48. Ke3 1/2-1/2

[Event "NATO-ch 23nd"]
[Site "Brest"]
[Date "2012.10.01"]
[Round "1"]
[White "Musselman, Charles"]
[Black "Picart, Laurent"]
[Result "1/2-1/2"]
[WhiteElo "1872"]
[BlackElo "2103"]
[PlyCount "118"]
[EventDate "2012.10.01"]
[EventType "swiss"]
[EventRounds "7"]
[EventCountry "FRA"]
[SourceTitle "CBM 150 Extra"]
[Source "ChessBase"]
[SourceDate "2012.10.19"]
[SourceVersion "1"]
[SourceVersionDate "2012.10.19"]
[SourceQuality "1"]

1. e4 c6 2. d4 d5 3. exd5 cxd5 4. c4 Nf6 5. Nc3 Nc6 6. cxd5 Nxd5 7. Nf3 Bg4 8. Be2 e6 9. h3 Bh5 10. 0-0 Bb4 11. Ne4 0-0 12. Be3 Nxe3 13. fxe3 Qd5 14. Nc3 Bxc3 15. bxc3 Na5 16. Ne5 Bxe2 17. Qxe2 Rac8 18. e4 Qd6 19. Rf3 f6 20. Ng4 Qa3 21. Raf1 Rxc3 22. Nxf6+ gxf6 23. Rxf6 Rxf6 24. Rxf6 Qc1+ 25. Kh2 Qg5 26. Qf2 Rc7 27. Rxe6 Rf7 28. Qg3 Qxg3+ 29. Kxg3 Nc6 30. d5 Rg7+ 31. Kf2 Nd4 32. Rf6 Rf7 33. Rxf7 Kxf7 34. Ke3 Nc2+ 35. Kf4 Nb4 36. a3 Nd3+ 37. Kf5 b5 38. e5 a5 39. Ke4 Nc5+ 40. Kd4 Nb7 41. g4 h6 42. h4 Kg6 43. e6 a4 44. Kc3 Kf6 45. Kb4 Ke5 46. g5 hxg5 47. hxg5 Kxd5 48. Kxb5 Kxe6 49. Kxa4 Kf5 50. Kb5 Kxg5 51. Kb6 Nd6 52. Kc5 Nb7+ 53. Kb6 Nd6 54. Kc6 Nc4 55. a4 Kf6 56. Kc5 Na5 57. Kb5 Nb3 58. Kb4 Ke6 59. Kxb3 Kd7 1/2-1/2

[Event "Montigny le Bretonneux Noel op 13th"]
[Site "Montigny le Bretonneux"]
[Date "2010.12.27"]
[Round "2"]
[White "Picart, Laurent"]
[Black "Danzanvilliers, Patrice"]
[Result "1-0"]
[WhiteElo "2117"]
[BlackElo "1847"]
[PlyCount "79"]
[EventDate "2010.12.26"]
[EventType "swiss"]
[EventRounds "7"]
[EventCountry "FRA"]
[SourceTitle "CBM 140 Extra"]
[Source "ChessBase"]
[SourceDate "2011.03.01"]
[SourceVersion "1"]
[SourceVersionDate "2011.03.01"]
[SourceQuality "1"]

1. d4 Nf6 2. Nf3 e6 3. c4 d5 4. Nc3 Be7 5. Bg5 Nbd7 6. e3 h6 7. Bh4 b6 8. cxd5 exd5 9. Ne5 Bb7 10. Bb5 0-0 11. Nc6 Qe8 12. Nxe7+ Qxe7 13. Bxd7 Qxd7 14. Bxf6 gxf6 15. 0-0 a6 16. Qh5 Kh7 17. Ne2 Rg8 18. Nf4 Rg5 19. Qe2 Re8 20. Rac1 c6 21. Qc2+ Kh8 22. Qb3 b5 23. a4 Reg8 24. g3 h5 25. axb5 axb5 26. Qc2 h4 27. Qe2 Qf5 28. Kg2 hxg3 29. hxg3 Qe4+ 30. Qf3 Qxf3+ 31. Kxf3 R8g7 32. Rh1+ Rh7 33. Rxh7+ Kxh7 34. Ra1 Rg8 35. Ra7 Rb8 36. Nd3 Kg6 37. Kf4 Ba8 38. Nc5 Re8 39. b4 Kg7 40. Kf5 1-0

[Event "Fouesnant op 15th"]
[Site "Fouesnant"]
[Date "2009.10.31"]
[Round "9"]
[White "Picart, Laurent"]
[Black "Fournier, Sylvain"]
[Result "1-0"]
[WhiteElo "2170"]
[BlackElo "1927"]
[PlyCount "69"]
[EventDate "2009.10.26"]
[EventType "swiss"]
[EventRounds "9"]
[EventCountry "FRA"]
[SourceTitle "EXT 2010"]
[Source "ChessBase"]
[SourceDate "2010.11.25"]
[SourceVersion "1"]
[SourceVersionDate "2010.11.25"]
[SourceQuality "1"]

1. d4 Nf6 2. c4 c5 3. d5 e5 4. Nc3 d6 5. e4 g6 6. Nge2 Bg7 7. Ng3 a6 8. Be2 Nbd7 9. Bg5 h6 10. Be3 Rb8 11. a4 Qe7 12. h4 h5 13. Qd2 Qf8 14. f3 Ng8 15. Bd3 Qe7 16. Nf1 Bh6 17. Qf2 Bxe3 18. Nxe3 Nh6 19. g4 hxg4 20. fxg4 b5 21. axb5 axb5 22. Nxb5 Rxb5 23. cxb5 c4 24. g5 cxd3 25. gxh6 Nc5 26. Qf3 d2+ 27. Kf1 f5 28. exf5 0-0 29. Rg1 Qxh4 30. Rxg6+ Kh8 31. Rg4 Qh2 32. Qg2 Qh5 33. h7 Rxf5+ 34. Kg1 d1Q+ 35. Rxd1 1-0

[Event "Fouesnant op 15th"]
[Site "Fouesnant"]
[Date "2009.10.30"]
[Round "8"]
[White "Delerme, Raymond"]
[Black "Picart, Laurent"]
[Result "0-1"]
[WhiteElo "1908"]
[BlackElo "2170"]
[PlyCount "78"]
[EventDate "2009.10.26"]
[EventType "swiss"]
[EventRounds "9"]
[EventCountry "FRA"]
[SourceTitle "EXT 2010"]
[Source "ChessBase"]
[SourceDate "2010.11.25"]
[SourceVersion "1"]
[SourceVersionDate "2010.11.25"]
[SourceQuality "1"]

1. d4 Nf6 2. c4 e6 3. Nc3 Bb4 4. Qc2 0-0 5. Nf3 b6 6. e4 d5 7. e5 Ne4 8. Bd3 Bb7 9. a3 Bxc3+ 10. bxc3 Nd7 11. cxd5 exd5 12. 0-0 c5 13. Bxe4 dxe4 14. Ng5 cxd4 15. cxd4 Rc8 16. Qe2 Nb8 17. Rd1 Qd5 18. Be3 Nc6 19. Qh5 h6 20. Nh3 Ne7 21. Nf4 Qd7 22. Rd2 Nd5 23. Nxd5 Bxd5 24. Rdd1 Qe6 25. Rdc1 Rxc1+ 26. Rxc1 b5 27. Rc5 Rb8 28. Qd1 a5 29. h3 b4 30. axb4 axb4 31. Bc1 b3 32. Bb2 Ra8 33. Qd2 Ra2 34. Qc3 Ra8 35. Kh2 Rd8 36. Qa5 Rd7 37. Kg1 e3 38. fxe3 Qg6 39. Qd2 Qe4 0-1

[Event "Fouesnant op 15th"]
[Site "Fouesnant"]
[Date "2009.10.25"]
[Round "2"]
[White "Algaba, Pedro"]
[Black "Picart, Laurent"]
[Result "0-1"]
[WhiteElo "1874"]
[BlackElo "2170"]
[PlyCount "104"]
[EventDate "2009.10.26"]
[EventType "swiss"]
[EventRounds "9"]
[EventCountry "FRA"]
[SourceTitle "EXT 2010"]
[Source "ChessBase"]
[SourceDate "2010.11.25"]
[SourceVersion "1"]
[SourceVersionDate "2010.11.25"]
[SourceQuality "1"]

1. e4 c6 2. d4 d5 3. exd5 cxd5 4. Bd3 Nc6 5. c3 Nf6 6. Bg5 e6 7. Nd2 Be7 8. Ngf3 0-0 9. Qe2 Bd7 10. h4 a6 11. Ne5 Be8 12. Rh3 b5 13. a3 Rb8 14. f4 a5 15. Ndf3 Nxe5 16. Nxe5 Qc7 17. Bc2 b4 18. Bxf6 Bxf6 19. g4 Bb5 20. Qd2 Rfc8 21. g5 Bxe5 22. fxe5 Qc4 23. Bd3 bxc3 24. bxc3 Qc6 25. Rb1 Bxd3 26. Rxb8 Rxb8 27. Rxd3 Rb1+ 28. Kf2 Qb5 29. Qe3 Qb2+ 30. Kg3 Rh1 31. Rd2 Qb1 32. Rg2 Qf5 33. Rh2 Rb1 34. Rf2 Rg1+ 35. Rg2 Rxg2+ 36. Kxg2 Qc2+ 37. Kf3 a4 38. h5 Qd1+ 39. Qe2 Qc1 40. Qe3 Qxa3 41. Qd3 Qb3 42. g6 hxg6 43. hxg6 a3 44. gxf7+ Kxf7 45. Kg4 a2 46. Qf1+ Kg8 47. Qa6 Qd1+ 48. Kf4 Qd2+ 49. Kg4 Kf7 50. Qa7+ Kg6 51. Qe7 Qg2+ 52. Kf4 Qf2+ 0-1

[Event "Fouesnant op 15th"]
[Site "Fouesnant"]
[Date "2009.10.25"]
[Round "3"]
[White "Picart, Laurent"]
[Black "Tirard, Hugo"]
[Result "0-1"]
[WhiteElo "2170"]
[BlackElo "2440"]
[PlyCount "40"]
[EventDate "2009.10.26"]
[EventType "swiss"]
[EventRounds "9"]
[EventCountry "FRA"]
[SourceTitle "EXT 2010"]
[Source "ChessBase"]
[SourceDate "2010.11.25"]
[SourceVersion "1"]
[SourceVersionDate "2010.11.25"]
[SourceQuality "1"]

1. d4 Nf6 2. c4 c5 3. d5 b5 4. Nf3 Bb7 5. a4 Qa5+ 6. Bd2 b4 7. Qc2 g6 8. e4 d6 9. Bd3 Bg7 10. 0-0 Qc7 11. Bf4 Nh5 12. Be3 e5 13. dxe6 fxe6 14. Ng5 Qe7 15. e5 Bxe5 16. Bxg6+ hxg6 17. Qxg6+ Kd7 18. Nf7 Bxh2+ 19. Kh1 Ng3+ 20. fxg3 Bxg3+ 0-1

[Event "Avoine op 24th"]
[Site "Avoine"]
[Date "2009.07.25"]
[Round "8"]
[White "Picart, Laurent"]
[Black "Laurent, Julien G"]
[Result "1-0"]
[WhiteElo "2162"]
[BlackElo "2320"]
[PlyCount "59"]
[EventDate "2009.07.18"]
[EventType "swiss"]
[EventRounds "9"]
[EventCountry "FRA"]
[SourceTitle "CBM 131 Extra"]
[Source "ChessBase"]
[SourceDate "2009.09.03"]
[SourceVersion "2"]
[SourceVersionDate "2009.09.16"]
[SourceQuality "1"]

1. d4 Nf6 2. c4 e6 3. Nc3 c5 4. d5 exd5 5. cxd5 d6 6. e4 g6 7. Nf3 Bg7 8. h3 0-0 9. Bd3 b5 10. Bxb5 Nxe4 11. Nxe4 Qa5+ 12. Nfd2 Qxb5 13. Nxd6 Qa6 14. N2c4 Nd7 15. 0-0 Nb6 16. Nxb6 axb6 17. Qb3 Rd8 18. Bf4 Bd7 19. Rfe1 b5 20. Qf3 Be8 21. Nxe8 Rxe8 22. d6 Bxb2 23. d7 Red8 24. Rab1 Bd4 25. Qd5 Kg7 26. Bc7 Qf6 27. Bxd8 Rxd8 28. Re8 Qxf2+ 29. Kh1 Bf6 30. Qd6 1-0

[Event "NATO-ch 20th"]
[Site "Hammelburg"]
[Date "2009.06.17"]
[Round "4"]
[White "Adkins, James D"]
[Black "Picart, Laurent"]
[Result "1/2-1/2"]
[WhiteElo "2015"]
[BlackElo "2148"]
[PlyCount "116"]
[EventDate "2009.06.15"]
[EventType "swiss"]
[EventRounds "7"]
[EventCountry "GER"]
[SourceTitle "CBM 130 Extra"]
[Source "ChessBase"]
[SourceDate "2009.07.02"]
[SourceVersion "2"]
[SourceVersionDate "2009.07.15"]
[SourceQuality "1"]

1. f4 d5 2. b3 Nf6 3. e3 g6 4. Bb2 Bg7 5. Nf3 0-0 6. Be2 b6 7. 0-0 Bb7 8. d3 c5 9. Ne5 Nfd7 10. d4 f6 11. Nxd7 Qxd7 12. Nd2 Nc6 13. c4 e6 14. dxc5 bxc5 15. cxd5 exd5 16. Qc2 Qe7 17. e4 Nb4 18. Qb1 dxe4 19. a3 Nd5 20. Qxe4 Qxe4 21. Nxe4 Ne3 22. Nxc5 Nxf1 23. Bc4+ Kh8 24. Rxf1 Bc8 25. a4 Bf5 26. Ne6 Bxe6 27. Bxe6 f5 28. Bxg7+ Kxg7 29. b4 Rfe8 30. Bd5 Rad8 31. Bc6 Re6 32. b5 a6 33. Rc1 axb5 34. axb5 Rb8 35. Kf2 Kf6 36. Rc2 Re7 37. Rd2 Ra7 38. Rd6+ Ke7 39. Rd2 h6 40. g3 Ra3 41. h4 Rb3 42. Rd7+ Kf6 43. Rd6+ Kg7 44. Rd7+ Kh8 45. Rd6 Rg8 46. Kg2 Rg7 47. Kh2 Re7 48. Rd2 Ree3 49. Rd8+ Kg7 50. Rd7+ Kf8 51. Rd8+ Ke7 52. Re8+ Kd6 53. Rxe3 Rxe3 54. Kg2 Kc5 55. Kf2 Rb3 56. Be8 Kd5 57. Bd7 Rb2+ 58. Kf3 Rb3+ 1/2-1/2

[Event "Saint Quentin op 11th"]
[Site "Elancourt"]
[Date "2009.04.22"]
[Round "6"]
[White "Sanchez, Joseph"]
[Black "Picart, Laurent"]
[Result "1-0"]
[WhiteElo "2483"]
[BlackElo "2148"]
[PlyCount "45"]
[EventDate "2009.04.18"]
[EventType "swiss"]
[EventRounds "9"]
[EventCountry "FRA"]
[SourceTitle "CBM 129 Extra"]
[Source "ChessBase"]
[SourceDate "2009.05.05"]
[SourceVersion "2"]
[SourceVersionDate "2009.05.20"]
[SourceQuality "1"]

1. e4 c6 2. d4 d5 3. e5 Bf5 4. Nf3 e6 5. Be2 Nd7 6. 0-0 Ne7 7. Nbd2 Ng6 8. Nb3 f6 9. exf6 Nxf6 10. Ne5 Nxe5 11. dxe5 Nd7 12. Bg4 Qh4 13. Bxf5 exf5 14. Nd4 0-0-0 15. Nf3 Qh5 16. c4 Nb6 17. Bg5 Re8 18. cxd5 Nxd5 19. Rc1 Kb8 20. Qb3 Ka8 21. Rfd1 h6 22. Rxd5 hxg5 23. Rxc6 1-0